Маленькая Баба-Яга (Запись № 11700498)

Подробности
000 -МАРКЕР
контрольное поле 01358nam0a2200325 4500
001 - ИДЕНТИФИКАТОР ЗАПИСИ
контрольное поле RU\NLR\BIBL_A\011765742
005 - ИДЕНТИФИКАТОР ВЕРСИИ
контрольное поле 20180827144049.0
010 ## - МЕЖДУНАРОДНЫЙ СТАНДАРТНЫЙ НОМЕР КНИГИ (ISBN)
Номер (ISBN) 978-5-04-090295-8
Тираж 3000
021 ## - НОМЕР ГОСУДАРСТВЕННОЙ РЕГИСТРАЦИИ
Код страны Российская Федерация
Номер КН-П-18-048645
Номер Листа государственной регистраци КН-П-18-3514
021 ## - НОМЕР ГОСУДАРСТВЕННОЙ РЕГИСТРАЦИИ
Код страны Российская Федерация
Номер КН-П-21-055636
Номер Листа государственной регистраци КН-П-21-4353
035 ## - ДРУГИЕ СИСТЕМНЫЕ НОМЕРА
Идентификатор записи (NLR Aleph) 011765742
035 ## - ДРУГИЕ СИСТЕМНЫЕ НОМЕРА
Идентификатор записи (RuMoRGB)009678246
100 ## - ДАННЫЕ ОБЩЕЙ ОБРАБОТКИ
Данные общей обработки 20180808d2018 c y0rusy50 ca
101 1# - ЯЗЫК РЕСУРСА
Язык текста, звукозаписи и т.д. русский
Язык оригинала немецкий
102 ## - СТРАНА ПУБЛИКАЦИИ ИЛИ ПРОИЗВОДСТВА
Страна публикации Российская Федерация
105 ## - ПОЛЕ КОДИРОВАННЫХ ДАННЫХ: ТЕКСТОВЫЕ МАТЕРИАЛЫ, МОНОГРАФИЧЕСКИЕ
Кодированные данные о монографическом текстовом документе a z 000ay
200 1# - ЗАГЛАВИЕ И СВЕДЕНИЯ ОБ ОТВЕТСТВЕННОСТИ
Основное заглавие Маленькая Баба-Яга
Сведения, относящиеся к заглавию [для младшего школьного возраста]
Первые сведения об ответственности Отфрид Пройслер
Последующие сведения об ответственности иллюстрации Ольги Ионайтис
-- [перевод с немецкого Юрия Коринца]
210 ## - ПУБЛИКАЦИЯ, РАСПРОСТРАНЕНИЕ И ДР.
Место издания, распространения и т.д. Москва
Имя издателя, распространителя и т. д. #Эксмодетство
Дата издания, распространения и т.д. 2018
215 ## - ФИЗИЧЕСКАЯ ХАРАКТЕРИСТИКА
Специфическое обозначение материала и объем 92, [2] с.
Другие сведения о физической характеристике цв. ил.
Размеры 22
225 1# - СЕРИЯ
Основное заглавие серии Дружим с детства!
333 ## - ПРИМЕЧАНИЯ ОБ ОСОБЕННОСТЯХ РАСПРОСТРАНЕНИЯ И ИСПОЛЬЗОВАНИЯ
Текст примечания 6+
686 0# - ИНДЕКСЫ ДРУГИХ КЛАССИФИКАЦИЙ
Индекс Ш9(4Г)60-4
700 #1 - ИМЯ ЛИЦА - ПЕРВИЧНАЯ ОТВЕТСТВЕННОСТЬ
Графика поля Кириллица
Материалы, к которым относится поле rus
Начальный элемент ввода Пройслер
Часть имени, кроме начального элемента ввода О.
Даты 1923-2013
Расширение инициалов личного имени Отфрид
Системный номер авторитетной/нормативной записи 14170
Идентификатор авторитетной/нормативной записи RU\NLR\AUTH\7731159
702 #1 - ИМЯ ЛИЦА - ВТОРИЧНАЯ ОТВЕТСТВЕННОСТЬ
Код отношения Карикатурист, Художник
Графика поля Кириллица
Материалы, к которым относится поле rus
Начальный элемент ввода Ионайтис
Часть имени, кроме начального элемента ввода О. Р.
Дополнения к именам, кроме дат художник
Даты 1965-
Расширение инициалов личного имени Ольга Ромуальдовна
Системный номер авторитетной/нормативной записи 57889
Идентификатор авторитетной/нормативной записи RU\NLR\AUTH\7774961
942 ## - ДОПОЛНИТЕЛЬНЫЕ ЭЛЕМЕНТЫ ЗАПИСИ (АБИС)
Тип экземпляра АБИС Книга
980 ## - КОЛЛЕКЦИЯ
Название коллекции Национальная библиография
Экземпляры
Тип экземпляра Дата поступления Источник поступления Стоимость Библиотека постоянного хранения Библиотека текущего хранения Место хранения Штрих-код Статус экземпляра Шифр хранения
Книга 08.08.2018 Обязательный экземпляр 115.00 РНБ (Московский) РНБ (Московский) Обменный фонд 1-2394336    
Книга 08.08.2018 Обязательный экземпляр   РНБ (Московский) РНБ (Московский) Русский книжный фонд: издания с 1957 года 1-2394337   2018-6/732
Книга 15.12.2021 Обязательный экземпляр   РНБ (Московский) РНБ (Московский) Обменный фонд 1-3608707    
Книга 15.12.2021 Обязательный экземпляр   РНБ (Московский) РНБ (Московский) Обменный фонд 1-3608708